Statistiques concernant Arrêts de Droit administratif

Cliquez ici pour prendre le quiz!

Statistiques générales

  • Ce quiz a été pris 55 fois
  • Le résultat moyen est 3 sur 63

Statistiques - réponses

HintRéponse% Correct
1873 TCArrêt Blanco
90%
1921 TCArrêt société commerciale de l'Ouest africain (Bac d'Eloka)
43%
1873 TCArrêt Pelletier
21%
1936 CEArrêt Jamart
17%
1963 CEArrêt Narcy
14%
1974 CEArrêt Denoyez et Chorque
7%
1912 CEArrêt Société des granits porphyroïdes des Vosges
7%
1987 CCDécision Conseil de la concurrence
7%
2004 CEArrêt association AC
5%
1954 CEArrêt Barel
5%
1943 CEArrêt Bouguen
5%
1892 CEArrêt Cames
5%
1968 CEArrêt époux Barbier
5%
1956 CEArrêt époux Bertin
5%
1918 CEArrêt époux Lemonnier
5%
1914 CEArrêt Gomel
5%
1995 CEArrêt Hardouin et Marie
5%
1911 CEArrêt Anguet
2%
1910 CEArrêt Compagnie générale des tramways
2%
1923 CEArrêt Couitéas
2%
1982 CEArrêt Huglo
2%
1961 CEArrêt Letisserand
2%
1951 CEArrêt Société des concerts du Conservatoire
2%
1956 CEArrêt Thouzellier
2%
1930 CEArrêt Baugé
0%
1930 CEArrêt Chambre syndicale de commerce de détail de Nevers
0%
1983 CEArrêt Commune de Gavarni
0%
1946 CEArrêt Commune de Ste Priest la Plaine
0%
1902 CEArrêt Compagnie du gaz de Déville-lès-Rouen
0%
1956 CEArrêt Consort Grimouard
0%
2000 CJCEArrêt Dame Burbaud
0%
2022 CEArrêt Dame Duvignère
0%
1978 CEArrêt Dame Muesser
0%
1934 CEArrêt Demoiselle Réault
0%
1958 CEArrêt distillerie de Magnac-Laval
0%
1948 CEArrêt du Journal l'Aurore
0%
1974 CEArrêt FIFAS
0%
2008 CEArrêt Gardedieu
0%
1954 CEArrêt Notre Dame du Kreisker
0%
1973 CEArrêt Sadoudi
0%
1988 CEArrêt SCI la Colline
0%
1936 CEArrêt Société La Fleurette
0%
1956 CEArrêt société Lebon
0%
1966 CEArrêt Société radioélectrique
0%
1919 CEArrêt Terrisse
0%
1961 CEArrêt Vallier
0%
1986 CEArrêt veuve Menneret
0%
Loi 28 pluviôse VIIIContrats de travaux publics sont administratifs
0%
Décret Loi 1938Contrats portant sur l'occupation du domaine public sont administratifs
0%
Loi 27 juil 1993Création de la Cour de Justice de la République
0%
Constitution an VIIICréation du CE. Art 75 = principe de la garantie des fonctionnaires
0%
Loi 24 mai 1872Création du TC
0%
1983 TCDécision Gambini
0%
1979 CCDécision relative à la radio et à la télévision
0%
1983 TCDécision UAP contre CNEXO
0%
Loi 1794Emprunts publics sont des contrats administratifs
0%
Loi 16 juil 1980Exécution des décisions de justice : astreintes et mandatement d'office
0%
Loi 16&24 août 1790Interdiction au juge administratif de connaître les activités de l'admin
0%
1980 CCLoi de validation
0%
Loi 11 déc 2001Loi MURCEF
0%
Loi 31 juil 1963Organisation du service minimum pendant les grèves
0%
Loi 30 juin 2000Référé devant le Juge Admin
0%
Loi 8 fév 1995Sur exécution des décisions de justice (injonctions)
0%

Distribution des résultats

Percentile par nombre de réponses

% des personnes avec chaque résultat

Votre développement - résultats

Vous n’avez pas pris ce quiz